000 00670nam a2200289Ia 4500
005 20260324133916.0
008 008 260324s9999 xx 000 0 eng d
020 _a9780203767153
037 _aEBOOK
040 _aCRL
040 _beng
040 _cCRL
041 _2eng
041 _aeng
084 _qCRL
100 _aGilbert Cole
_91194846
245 0 _aInfecting the Treatment
245 0 _bBeing an HIV-Positive Analyst
260 _bTaylor and Francis
260 _c2002
365 _a
365 _b195
856 _uhttp://www.taylorfrancis.com/books/9780203767153
942 _cEBOOK
999 _c1794389
_d1794389